| 000 | 00428nam a2200133 4500 | ||
|---|---|---|---|
| 245 |
_aEustace diamonds _cAnthony Trollope; with a preface by Michael Sadleir;Illustrations by Blair Hughes-Stanton |
||
| 100 | _aTrollope,Anthony | ||
| 710 | _aSadleir,Michael | ||
| 710 | _aHughes-Stanton,Blair | ||
| 260 |
_aLondon _bOxford University Press _c1973 |
||
| 300 | _a2v.in 1.ill.; 18cm | ||
| 490 | _aPalliser novels | ||
| 082 |
_a823.8 _bTROeus |
||
| 999 |
_c629 _d629 |
||